000 00633nam a22002417a 4500
003 OSt
005 20220924113632.0
006 a|||||r|||| 00| 0
007 ta
008 220923b |||||||| |||| 00| 0 eng d
024 _a122303
037 _cGeneral Books
040 _aARTS
_cARTS
_beng
041 _2eng
_aeng
082 _aXu671:N5, J4;1 (906)
100 _aIssawi Charles
_9122812
245 0 _aEgypt at mid-century
_b an economic survey
260 _c1954
300 _ap.
650 _aECONOMICS
942 _hXu671:N5, J4;1 (906)
_cGB
_2CC
999 _c390288
_d390288